The Philippine Islands, Moluccas, Siam, Cambodia, Japan and China, (Record no. 160225)

MARC details
000 -LEADER
campo de control de longitud fija 01199nam a2200241 i 4500
001 - NÚMERO DE CONTROL
campo de control 160225
003 - IDENTIFICADOR DE NÚMERO DE CONTROL
campo de control ES-MaACL
005 - FECHA Y HORA DE LA ÚLTIMA TRANSACCIÓN
campo de control 20250909180438.0
008 - DATOS DE LONGITUD FIJA--INFORMACIÓN GENERAL
campo de control de longitud fija 990429s1868 xxka |||| | eng d
040 ## - FUENTE DE CATALOGACIÓN
Centro catalogador/agencia de origen CCPB | B
Lengua de catalogación spa
Centro/agencia transcriptor CCPB | B
100 1# - ENTRADA PRINCIPAL--NOMBRE DE PERSONA
Nombre de persona Morga, Antonio de.
9 (RLIN) 130201
245 14 - MENCIÓN DEL TÍTULO
Título The Philippine Islands, Moluccas, Siam, Cambodia, Japan and China,
Resto del título : at the close of the sixteenth century /
Mención de responsabilidad, etc. by Antonio de Morga ; translated from the spanish, with notes and a preface, by the Hon. Henry E. J. Stanley ; and a letter from Luis Vaez de Torres, describing his voyage through the Torres straits.
260 ## - PUBLICACIÓN, DISTRIBUCIÓN, ETC.
Lugar de publicación, distribución, etc. London :
Nombre del editor, distribuidor, etc. Printed for the Hakluyt Society,
Fecha de publicación, distribución, etc. 1868 (
Fabricante T. Richards)
300 ## - DESCRIPCIÓN FÍSICA
Extensión XXIV, 431 p., [1] h. de lám. pleg. :
Otras características físicas il. ;
Dimensiones 22 cm.
530 ## - NOTA DISPONIBLE DE FORMULARIO FÍSICO ADICIONAL
Nota de formato físico adicional disponible Disponible en formato digital.
599 ## - NOTA A LAS ILUSTRACIONES
NOTA A LAS ILUSTRACIONES La h. de lám. grab. xil.
651 #4 - PUNTO DE ACCESO ADICIONAL DE MATERIA--NOMBRE GEOGRÁFICO
Nombre geográfico Filipinas-
Subdivisión general Historia-
Subdivisión cronológica 1521-1812.
9 (RLIN) 8659
700 1# - ENTRADA AGREGADA--NOMBRE PERSONAL
Nombre de persona Váez de Torres, Luis.
9 (RLIN) 133839
700 1# - ENTRADA AGREGADA--NOMBRE PERSONAL
Nombre de persona Stanley, Henry Edward John Stanley,
Títulos y otros términos asociados al nombre Baron,
Fechas asociadas al nombre 1827-1903
9 (RLIN) 107903
852 ## - LOCALIZACIÓN
Ubicación ES-MaACL
Número de control de estantería G-13184
Nota libre -- Enc. tela
856 ## - LOCALIZACIÓN Y ACCESO ELECTRÓNICOS
Identificador Uniforme de Recursos <a href="http://bdh-rd.bne.es/viewer.vm?id=0000040776&page=1 ">http://bdh-rd.bne.es/viewer.vm?id=0000040776&page=1 </a>
Nota pública Biblioteca Digital Hispánica
Holdings
Estatus retirado Estado de pérdida Estado de daño No para préstamo Colección Biblioteca de origen Biblioteca actual Ubicación en estantería Fecha de adquisición Fuente de adquisición Total de préstamos Signatura topográfica completa Código de barras Visto por última vez Precio de reemplazo Tipo de ítem Koha
        Colección digital Biblioteca del Ateneo de Madrid Biblioteca del Ateneo de Madrid Sala Pecera Planta 3 17/01/2008     G-13184 1167767 23/02/2023 23/02/2023 Libro impreso antiguo